Statistics for Countries with Five Letters Quiz

Click here to take the quiz!

General Stats

  • This quiz has been taken 121,337 times
    (77,351 since last reset)
  • The average score is 17 of 24

Answer Stats

ContinentCountry% Correct
AsiaChina
90%
South AmericaChile
89%
EuropeSpain
86%
AfricaEgypt
80%
EuropeItaly
80%
AsiaJapan
78%
North AmericaHaiti
74%
AsiaIndia
74%
AfricaLibya
71%
OceaniaTonga
70%
AfricaNiger
69%
AsiaYemen
69%
OceaniaSamoa
69%
AfricaGhana
68%
OceaniaPalau
68%
OceaniaNauru
67%
AfricaSudan
66%
AfricaKenya
65%
AsiaNepal
65%
EuropeMalta
64%
AfricaBenin
63%
AsiaQatar
62%
AsiaSyria
61%
AfricaGabon
59%

Score Distribution

Percentile by Number Answered

Percent of People with Each Score

Your Score History

You have not taken this quiz since the last reset